| 000 | 004530000a22001810004500 | ||
|---|---|---|---|
| 003 | MACL | ||
| 005 | 20160109131247.0 | ||
| 008 | 160109b xxu||||| |||| 00| 0 eng d | ||
| 040 |
_aMACL _cMACL |
||
| 041 | _aEnglish | ||
| 082 | _a920/MAD | ||
| 100 |
_aMadhok, Balraj _930355 |
||
| 245 | _aReflections Of A Detenu | ||
| 260 |
_bNewman Group Of Publishers _c1978 _aNew Delhi |
||
| 350 | _a28 | ||
| 650 |
_aBiography _930356 |
||
| 942 |
_cBK _k920/MAD _2ddc |
||
| 999 |
_c33836 _d33836 |
||